| 000 | 02062cam a22004094i 4500 | ||
|---|---|---|---|
| 003 | PE-LiUPU | ||
| 005 | 20250731184059.0 | ||
| 008 | 171128s2017 pe r 000 0 spa d | ||
| 020 | _a9786124202391 | ||
| 035 | _a(Sirsi) a240211 | ||
| 040 |
_aPE-LiUPU _bspa _cPE-LiUPU _erda |
||
| 049 | _aPRUA | ||
| 082 | 0 | 4 |
_a860.853 _bC9 _220 |
| 245 | 0 | 4 |
_a"El cuadro de Marilyn" : _by los cuentos ganadores y finalistas de la XIX bienal de cuento "Premio Copé 2016" / _cSantiago Merino Acevedo. |
| 250 | _aPrimera edición. | ||
| 264 | 1 |
_aLima : _bPetróleos del Perú-Petroperú SA, _c2017. |
|
| 300 |
_a263 páginas ; _c21 centímetros |
||
| 336 |
_atext _2rdacontent |
||
| 337 |
_aunmediated _2rdamedia |
||
| 338 |
_avolume _2rdacarrier |
||
| 505 | 0 | _aA vuelapluma / Harry Belevan -- El cuadro de Marilyn / Santiago Merino -- Santeros / María Lourdes Torres -- Esa pequeña luz en la ventana / Miguel Ángel Torres Vitolas -- Año nuevo en Madrid / George Clarke -- Nunca dejarás de ver mis ojos / Frederick O'Brien -- Se llevan todo / Carlos Zambrano -- Ojos de otorongo / José Luis Villanueva -- El crimen del O'hara's / Walter Rodríguez -- Porque todo ha sido escrito / Crisanto Pérez Esain -- El hijo de las sombras / Joe Iljimae -- De lo que le sucedió a don Quijote en el bosque de Roque Guinart / Jorge Casilla Lozano -- Conquiliología / Karen Luy de Aliaga. | |
| 526 | _aP145 | ||
| 526 | _aP127 | ||
| 526 | _aP97 | ||
| 526 | _aP14 | ||
| 526 | _aP07 | ||
| 526 | 8 |
_iPrograma académico : _5PE-LiUPU |
|
| 650 | 0 | 4 | _aCuentos -- Peruanos. |
| 650 | 0 | 4 | _aShort stories -- Peruvian. |
| 700 | 1 |
_aMerino Acevedo, Santiago, _efundador. |
|
| 910 |
_adbm _bncf _cncf _d20171128 |
||
| 942 |
_2ddc _cBOOK |
||
| 994 |
_aC0 _bPEPRU |
||
| 596 | _a1 | ||
| 999 |
_a860.853 C9 _wDEWEY _c25875 _i77272 _f2021-11-9 _g4 _lCCODEBUL1 _mBUL _p12.00 _r0 _sY _tBOOK _u2017-11-28 _xEDUCACION _PP20 _0DONACION _o.STAFF. Colección Ciencias Humanas y Educación. _d25875 |
||
| 980 |
_81 _gALBERTO SANCHEZ Responsable de Automatización |
||